000
00301nam a2200133Ia 4500
008
191201s2004 xx 000 0 und d
100
_a
Riggs, James L
245
0
_a
Engineering Economics
250
_a
4th
260
_a
N.Delhi
_b
TMH
_c
2004
300
_a
661
650
_a
Applied
942
_2
ddc
_c
BK
_0
1
999
_c
1590
_d
1590